Statystyki dla Współczesne Legendy Piłkarskie

Kliknij tutaj aby rozwiązać quiz!

Ogólne statystyki

  • Ten quiz został rozwiązany 1 431 razy
  • Średni wynik to 8 z 11

Statystyki odpowiedzi

HintOdpowiedź% Poprawnych
Legenda Juventusu gdzie spędził 17 lat. Karierę rozpoczął w Parmie a w 2018 przeszedł do PSG.Buffon
97%
Hiszpański piłkarz występujący na pozycji pomocnika w japońskim klubie Vissel Kobe. Najbardziej znany z występów dla FC Barcelony.Iniesta
97%
Bardzo agresywny obrońca szczególnie za czasów gry w Realu Madryt. Obecnie portugalski zawodnik reprezentuje barwy FC PortoPepe
87%
Czeski bramkarz znany z występów w hełmofonie Gustlika. Grał przez 11 lat w Chelsea a obecnie reprezentuje barwy kanonierów.Cech
84%
Piłkarz który otrzymał miano Latającego Holendra. W 2012 roku wzbudził duże kontrowersje przechodząc z Arsenalu do Manchesteru United.Van Persie
82%
Hiszpański napastnik znany głównie z występów dla FC Barcelony lecz grał też dla takich klubów jak Atletico Madryt czy Valencia obecnie gra w japońskim klubie Vissel Kobe.Villa
76%
Obrońca grający przez całą karierę w rodzimej lidze. Należy do znanego tercetu gdzie oprócz niego w skład wchodzą Chiellini oraz Bonucci.Barzagli
70%
Legenda AS Romy rozegrał dla tego klubu 454 spotkań. W szatni jest uważany za największego kapitan nawet wtedy gdy grał w tym klubie Totti.De Rossi
65%
Piłkarz pochodzenia bośniackiego i chorwackiego występujący na pozycji napastnika. Grał dla największych europejskich klubów Juventusu, Interu Mediolan, FC Barcelony, AC Milanu, PSG czy Manchesteru United.Ibrahimovic
53%
Holender reprezentujący takie kluby jak Real Madryt, Inter Mediolan czy też Galatasaray. Obecnie gra w katarskim klubie Al-Gharafa.Sneijder
52%
Jeden z najstarszych bramkarzy w Serie A. Karierę rozpoczął w Lazio lecz wytrwał tam tylko jeden sezon nie grając w ani jednym meczu. W 2008 roku przeszedł do Chievo gdzie został ogłoszony żywą legendą.Sorrentino
15%

Rozkład punktacji

Percentyl według liczby udzielonych odpowiedzi

Procent ludzi z każdym wynikiem

Twoja historia wyników

Nie rozwiązałeś tego quizu